00791nam a2200217 a 450000100100000000500170001000800410002702000180006804000250008608200170011110000360012824500470016426000470021130000210025849000150027950000700029450000540036483000220041895201160044099900170055600004181820201002035755.0131018s1998 ck 000 0 spa d a9789580443803 aDO-SdBNPbspacBNPHU axxxxxbxxxxx1 aAguierre, Sergio,d1961-96869213aLa venganza de la vaca /cSergio Aguierre. aBogotá :bNorma infantil-juvenil,c1998. a114 p. ;c21 cm.1 aZona libre aIncluye datos biográficos del autor en la solapa de la cubierta aLa biblioteca posee la 5ta reimpresión del 2005 0aZona libre913266 0010507-18MOaGRbGRcOId2013-10-18iLF1l0oxxxxx xxxxxp41818-10r2020-06-25w2020-06-25y1ZNo se presta c41307d41307